Nové príležitosti zamestnania

Európsky sociálny fond ako hlavný nástroj na podporu pracovných miest. Poslaním Európskeho sociálneho fondu je financovať tisíce miestnych, regionálnych a národných projektov, zameraných na zamestnanosť v celej Európe. Európske sociálne projekty, ich zameranie a cieľ. Projekt - Práca na dosah, Vzdel...

Descripción completa

Guardado en:
Detalles Bibliográficos
Autor principal: Hrašková, Dagmar
Formato: Capítulo de libro
Lenguaje:eslovaco
Materias:
Etiquetas: Agregar Etiqueta
Sin Etiquetas, Sea el primero en etiquetar este registro!

MARC

LEADER 00000naa a2200000 4500
001 0220080
005 20231120140014.9
041 0 |a slo 
044 |a SK 
245 1 0 |a Nové príležitosti zamestnania  |c Dagmar Hrašková 
520 |a Európsky sociálny fond ako hlavný nástroj na podporu pracovných miest. Poslaním Európskeho sociálneho fondu je financovať tisíce miestnych, regionálnych a národných projektov, zameraných na zamestnanosť v celej Európe. Európske sociálne projekty, ich zameranie a cieľ. Projekt - Práca na dosah, Vzdelanie po ruke. 
610 2 0 |a Európska únia 
610 2 0 |a Európsky ekonomický priestor 
610 2 0 |a fond sociálny 
610 2 0 |a projekty 
610 2 0 |a podpora vzdelávania 
610 2 0 |a podpora zamestnanosti 
100 1 |a Hrašková, Dagmar